| 000 | 00676nam a2200229Ia 4500 | ||
|---|---|---|---|
| 001 | 3334 | ||
| 003 | GE_BSU | ||
| 008 | 181216s||||||||xx |||||||||||||| ||und|| | ||
| 040 | _cGE_BSU | ||
| 080 | _a666.9 | ||
| 100 | _aВолчанский, Р.А. | ||
| 245 | _aПроизводство железобетонных изделий. | ||
| 245 | _bУчеб. | ||
| 245 | _cРед. З.В.Михальчук. | ||
| 250 | _aИзд. 4-е, испр. и доп. | ||
| 260 | _aМ. | ||
| 260 | _bВысш. школа. | ||
| 260 | _c1970. | ||
| 300 | _a360стр.23см.с илл. | ||
| 653 | _aПроизводство железобетонных изделий. | ||
| 942 | _cBK | ||
| 999 |
_c37375 _d37375 |
||